| 000 | 00711nam a2200241 i 4500 | ||
|---|---|---|---|
| 001 | 8466 | ||
| 003 | ES-MaACL | ||
| 005 | 20230906145449.0 | ||
| 007 | t| | ||
| 008 | 920618s1984 be ||||1| fre d | ||
| 020 | _a2-87060-012-7 | ||
| 080 | _a165 | ||
| 080 | _a165.65 | ||
| 100 | 1 |
_aFerry, Luc. _950610 |
|
| 245 | 1 | 0 |
_aSysteme et critique _b: essais sur la critique de la raison dans la philosophie contemporaine / _cLuc Ferry, Alain Renaut. |
| 260 |
_aBruxelles : _bOusia, _ccop. 1984. |
||
| 300 |
_a234 p. ; _c21 cm. |
||
| 650 | 4 |
_aEpistemología. _912338 |
|
| 650 | 1 | 4 |
_aRaciocinio. _916643 |
| 650 | 4 |
_aCriticismo. _911454 |
|
| 700 | 1 |
_aRenaut, Alain. _996195 |
|
| 852 |
_aES-MaACL _jL-15815 _bR.115758 |
||
| 999 |
_c8466 _d8466 |
||